000 00735nam a2200217 4500
001 124036
003 ES-MaACL
005 20231220202824.0
007 t|
008 070214s1922 sp r ||||1| spa d
080 _a821.134.2-84"18"
100 1 _aRamón y Cajal, Santiago,
_d1852-1934
_9226468
245 1 0 _aCharlas de café :
_bpensamientos, anécdotas y confidencias /
_cpor S. R. y Cajal.
250 _a3ª ed., corr. y aum.
260 _aMadrid :
_b[s.n.],
_c1922 (
_fImp. de Juan Pueyo)
300 _a382 p. ;
_c20 cm.
530 _aDisponible en formato digital.
852 _aES-MaACL
_jF-214
856 _uhttp://bdh-rd.bne.es/viewer.vm?id=0000200572&page=1
_zBiblioteca Digital Hispánica
999 _c124036
_d124036